An Overview of EU Regulation on ESG Reporting
V rámci EÚ prebieha regulácia prostredníctvom množstva smerníc a štandardov ohľadom udržateľnosti klímy. Poskytnutie prehľadu európskej regulácie v oblasti hlásenia ESG.
Saved in:
| Main Author: | |
|---|---|
| Format: | Book Chapter |
| Language: | English |
| Subjects: | |
| Tags: |
No Tags, Be the first to tag this record!
|
MARC
| LEADER | 00000naa$a2200000$$$4500 | ||
|---|---|---|---|
| 001 | 0306414 | ||
| 005 | 20250122131143.2 | ||
| 041 | 0 | |a eng | |
| 044 | |a CZ | ||
| 245 | 1 | 0 | |a An Overview of EU Regulation on ESG Reporting |c Renáta Stanley |
| 520 | |a V rámci EÚ prebieha regulácia prostredníctvom množstva smerníc a štandardov ohľadom udržateľnosti klímy. Poskytnutie prehľadu európskej regulácie v oblasti hlásenia ESG. | ||
| 610 | 2 | 0 | |a udržateľnosť |
| 610 | 2 | 0 | |a Európska únia |
| 610 | 2 | 0 | |a ESG |
| 610 | 2 | 0 | |a smernice |
| 610 | 2 | 0 | |a reporting |
| 610 | 2 | 0 | |a zmeny klimatické |
| 610 | 2 | 0 | |a prostredie životné |
| 100 | 1 | |a Stanley, Renáta, 1981- | |